| 000 -LEADER |
| fixed length control field |
00356pab a2200133 454500 |
| 008 - FIXED-LENGTH DATA ELEMENTS--GENERAL INFORMATION |
| fixed length control field |
180718b xxu||||| |||| 00| 0 eng d |
| 100 ## - MAIN ENTRY--PERSONAL NAME |
| Personal name |
Ninan K.N. |
| 245 ## - TITLE STATEMENT |
| Title |
Growth and instability in Asian agriculture |
| 362 ## - DATES OF PUBLICATION AND/OR SEQUENTIAL DESIGNATION |
| Dates of publication and/or sequential designation |
35(2), Jul-Sep 1994, p.307-13 |
| 650 ## - SUBJECT ADDED ENTRY--TOPICAL TERM |
| Topical term or geographic name entry element |
Agriculture -- Asia |
| 700 ## - ADDED ENTRY--PERSONAL NAME |
| Personal name |
Chandrashekar H. |
| 773 ## - HOST ITEM ENTRY |
| Main entry heading |
Productivity |
| 909 ## - |
| -- |
27713 |